|
|
|
|
| LEADER |
02095nam a22004815i 4500 |
| 001 |
978-3-540-77727-4 |
| 003 |
DE-He213 |
| 005 |
20150520195119.0 |
| 007 |
cr nn 008mamaa |
| 008 |
100301s2008 gw | s |||| 0|eng d |
| 020 |
|
|
|a 9783540777274
|9 978-3-540-77727-4
|
| 024 |
7 |
|
|a 10.1007/978-3-540-77727-4
|2 doi
|
| 040 |
|
|
|d GrThAP
|
| 050 |
|
4 |
|a RC321-580
|
| 072 |
|
7 |
|a PSAN
|2 bicssc
|
| 072 |
|
7 |
|a MED057000
|2 bisacsh
|
| 082 |
0 |
4 |
|a 612.8
|2 23
|
| 100 |
1 |
|
|a Schmidt, Corina.
|e author.
|
| 245 |
1 |
4 |
|a The Role of Wnt Signalling in the Development of Somites and Neural Crest
|h [electronic resource] /
|c by Corina Schmidt, Imelda McGonnell, Steve Allen, Ketan Patel.
|
| 264 |
|
1 |
|a Berlin, Heidelberg :
|b Springer Berlin Heidelberg,
|c 2008.
|
| 300 |
|
|
|b online resource.
|
| 336 |
|
|
|a text
|b txt
|2 rdacontent
|
| 337 |
|
|
|a computer
|b c
|2 rdamedia
|
| 338 |
|
|
|a online resource
|b cr
|2 rdacarrier
|
| 347 |
|
|
|a text file
|b PDF
|2 rda
|
| 490 |
1 |
|
|a Advances in Anatomy Embryology and Cell Biology,
|x 0301-5556 ;
|v 195
|
| 505 |
0 |
|
|a 1. Introduction -- 1.1 Wnts and development -- 1.2. Somite formation -- 1.3. Induction, delamination and migration of neural crest -- 1.4. Outline of research plan -- 2. Material and methods -- 3. Results -- 3.1 Wnt6 and somitogenesis -- 3.2 The regulation of cNkd1 expression -- 3.3 Wnt6 and the neural crest -- 4. Discussion -- 5. Summary -- 7. References -- 8. Acknowledgements -- Subject index.
|
| 520 |
|
|
|a (will follow).
|
| 650 |
|
0 |
|a Medicine.
|
| 650 |
|
0 |
|a Neurosciences.
|
| 650 |
1 |
4 |
|a Biomedicine.
|
| 650 |
2 |
4 |
|a Neurosciences.
|
| 650 |
2 |
4 |
|a Biomedicine general.
|
| 700 |
1 |
|
|a McGonnell, Imelda.
|e author.
|
| 700 |
1 |
|
|a Allen, Steve.
|e author.
|
| 700 |
1 |
|
|a Patel, Ketan.
|e author.
|
| 710 |
2 |
|
|a SpringerLink (Online service)
|
| 773 |
0 |
|
|t Springer eBooks
|
| 776 |
0 |
8 |
|i Printed edition:
|z 9783540777267
|
| 830 |
|
0 |
|a Advances in Anatomy Embryology and Cell Biology,
|x 0301-5556 ;
|v 195
|
| 856 |
4 |
0 |
|u http://dx.doi.org/10.1007/978-3-540-77727-4
|z Full Text via HEAL-Link
|
| 912 |
|
|
|a ZDB-2-SBL
|
| 950 |
|
|
|a Biomedical and Life Sciences (Springer-11642)
|